| 000 | 00501nam a2200193Ia 4500 | ||
|---|---|---|---|
| 005 | 20250326142630.0 | ||
| 008 | 250326s9999 xx 000 0 und d | ||
| 037 | _aTextbook | ||
| 040 |
_aFMSL _beng _cFMSL |
||
| 041 |
_aeng _2eng |
||
| 084 | _qFMSL | ||
| 100 | _aCaves R E | ||
| 245 | 0 |
_aWorld trade and payments: An introduction _cCaves R E And Others |
|
| 250 | _a6 | ||
| 260 |
_aNew York _bNew York, Harper Collins _c1993 |
||
| 300 | _a711p | ||
| 942 | _cTB | ||
| 999 |
_c1295922 _d1295922 |
||